Stranger things. Temný experiment /
Prequel úspěšné mysteriózně fantaskní retro série z produkce internetové TV Netflix, ve kterém se fanoušci Stranger Things konečně dozvědí, co vše předurčilo známé zápletky příběhu.
Uloženo v:
| Série: | Stranger things,
část 1 |
|---|---|
| Hlavní autor: | |
| Další autoři: | |
| Médium: | E-kniha |
| Jazyk: | Czech |
| Vydáno: |
Praha :
Dobrovský s.r.o.,
2019
|
| Edice: | Fobos
|
| Témata: | |
| Příbuzné jednotky: | Přeloženo z:
Stranger things Z cyklu:: Stranger things |
| Tagy: |
Žádné tagy |
| LEADER | 02715nam a2200481 i 4500 | ||
|---|---|---|---|
| 001 | 311139 | ||
| 003 | CZ PrSKC | ||
| 005 | 20260601215700.0 | ||
| 007 | ta | ||
| 008 | 190711s2019 xr g 000 f cze | ||
| 015 | |a cnb003083729 | ||
| 020 | |a 9788075857897 |q (vázáno) | ||
| 035 | |a (OCoLC)1119113433 | ||
| 040 | |a ABG001 |b cze |d ABA001 |e rda | ||
| 041 | 1 | |a cze |h eng | |
| 072 | 7 | |a 821.111(73)-3 |x Americká próza |2 Konspekt | |
| 080 | |a 821.111(73)-31 |2 MRF | ||
| 080 | |a (0:82-311.9) |2 MRF | ||
| 100 | 1 | |a Bond, Gwenda, |d 1976- |7 xx0237952 |4 aut | |
| 240 | 1 | 0 | |a Suspicious minds. |l Česky |
| 245 | 1 | 0 | |a Stranger things. |p Temný experiment / |c Gwenda Bond ; z anglického originálu Stranger things - Suspicious minds přeložila Anna Vrbová |
| 246 | 3 | 0 | |a Temný experiment |
| 264 | 1 | |a Praha : |b Dobrovský s.r.o., |c 2019 | |
| 300 | |a 317 stran ; |c 21 cm | ||
| 336 | |a text |b txt |2 rdacontent | ||
| 337 | |a bez média |b n |2 rdamedia | ||
| 338 | |a svazek |b nc |2 rdacarrier | ||
| 490 | 1 | |a Fobos | |
| 520 | 2 | |a Prequel úspěšné mysteriózně fantaskní retro série z produkce internetové TV Netflix, ve kterém se fanoušci Stranger Things konečně dozvědí, co vše předurčilo známé zápletky příběhu. |b Konec šedesátých let přinesl do Ameriky strach a rozbroje související s válečným konfliktem ve Vietnamu. Terry Ivesová nehodlá být jen pasivním účastníkem dějin a přihlásí se proto do tajného vládního experimentu MKULTRA v tajné laboratoři v malém městečku Hawkins. Ovšem za zdmi prapodivné laboratoře se skrývá mnohem větší záhada, než si může Terry jen představit. V této chvíli potkává zvláštní dívku s nadpřirozenými schopnostmi a číslem 008 nahrazujícím její jméno. Rozběhne se běh událostí, od kterých se rozvíjí děj úspěšného seriálu. | |
| 546 | |a Český text | ||
| 655 | 7 | |a americké romány |7 fd131796 |2 czenas | |
| 655 | 7 | |a vědecko-fantastické romány |7 fd133847 |2 czenas | |
| 655 | 9 | |a American fiction |2 eczenas | |
| 655 | 9 | |a science fiction novels |2 eczenas | |
| 700 | 1 | |a Vrbová, Anna, |d 1986- |7 xx0078290 |4 trl | |
| 765 | 0 | |t Stranger things | |
| 787 | 0 | 8 | |i Z cyklu: |t Stranger things |g 1 |
| 830 | 0 | |a Fobos | |
| 900 | |a ABA001 |b 21 | ||
| 044 | |a xr | ||
| 910 | |a RBIT002 | ||
| 998 | |d 203921 |a https://core.palmknihy.cz/api/books/203921/cover?q5n3b8 |b https://core.palmknihy.cz/api/books/203921/cover/400?q5n3b8 |c https://core.palmknihy.cz/api/books/203921/cover/50?q5n3b8 |e 2026-12-31 |g 320 |i 9788075857897 |j https://core.palmknihy.cz/api/books/203921/preview.epub |k https://core.palmknihy.cz/api/books/203921/preview.pdf |l |q 49 |r 1 |s https://www.palmknihy.cz/kniha/203921 |t ebook |y 2019 |z 0 |v Stranger Things |w 1 | ||
| 999 | |d 311137 | ||